000 00468nam a2200181Ia 4500
001 44784
008 140428s9999 xx 000 0 und d
020 _aNA
040 _cPK-LaUMT
082 _aRHC 891.4393
_bMAK-B
100 _aMaksim Gorki
245 _aBehtareen roosi kahaniyan (Urdu)
_cMaksim Gorki
260 _aMasco,Russia:
_bRoosi Zabanun ka Ashaat Ghar,
_c1886
300 _a369 p.
546 _aUR
650 _aPakistani literature-Urdu
942 _cBK
999 _c42763
_d42763